| 000 | 01278nam a22001817a 4500 | ||
|---|---|---|---|
| 003 | OSt | ||
| 005 | 20201014090714.0 | ||
| 008 | 201013b 2010 dr 00| 0 eng d | ||
| 040 |
_aDO-SdBNP _bspa _cBNPHU |
||
| 110 | 1 |
_aRepública Dominicana _9447 |
|
| 240 | 1 | 0 | _aConstitución (2010) |
| 245 | 1 | 0 |
_aConstitución de la República Dominicana / _cpresentación, César Pina Toribio. |
| 260 |
_aSanto Domingo : _bMinisterio de la Presidencia de la República Dominicana, _c2010. |
||
| 300 |
_aXI, 190 p _c23 cm. |
||
| 505 | 0 |
_aPresentación -- _tDe la Nación, del Estado, de su gobierno y de sus principios fundamentales -- _tDe los derechos, garantías y deberes fundamentales -- _tDel Poder Legislativo -- _tDel Poder Ejecutivo -- _tDel Poder Judicial -- _tDel Consejo Nacional de la Magistratura -- _tDel control constitucional -- _tDel Defensor del Pueblo -- _tDel ordenamiento del territorio y de la administración local -- _tDel Sistema electoral -- _tDel régimen económico y financiero y de la Cámara de Cuentas -- _tDe las Fuerzas Armadas, de la Policía Nacional y de la Seguridad y Defensa -- _tDe los Estados de Excepción -- _tDe las Reformas Constitucionales -- _tDisposiciones generales y transitorias -- _tFirmas -- _t Índice alfabético. |
|
| 942 |
_2ddc _cLBS1 |
||
| 956 | _aLOPEREZ | ||
| 999 |
_c48868 _d48868 |
||